000
00247nam a2200085Ia 4500
008
120527s9999 xx 000 0 und d
100
_a
BARTLETT, Jane
245
_a
Nutrition and working efficieny of draught Bovines on a Norfolk small ho
942
_c
BK
999
_c
25196
_d
25196